Chanson par première phrase - Statistiques

Statistiques générales
  • Ce quiz a été pris 181 fois
  • Le résultat moyen est 8 sur 20
Statistiques - réponses
Phrase Titre Indice % Correct
Woupa gangnam style... Gangnam style Psy
89%
Je lui ai montrés mes brûlures.... J'ai demandé à la lune Indochine
82%
Les vents soufflent sur les plaines..... La tribu de dana Manau
66%
Match metchi bande de mauviete infidèle.. Tous les mêmes Stromae
57%
Sun felicita camana un pepene un pepene.... Time time Squeezie
51%
Toutes la journée au téléphone... Le jerk Thierry Hazard
50%
J'avais pas prévu dans un jour adoptée, enfant j'ai du surtout m'adapter... Beau papa Vianney
46%
Ma ma ma ma, I wanna hold'em like they do in Texas.... Poker face Lady gaga
44%
Une légère envie de violence... Dis moi BB brunes
41%
Derrière tes cigarettes de mon cœur, t'as fait un tabac... Ta marinière Hoshi
39%
Holding me back, gravity's holding me back.... As it was Harry styles
34%
35 jours sans voir la terre... Cargo Axel bauer
34%
Buddy, you're a boy make a big noise, Playing in a street We will rock you Queen
34%
He oh he hé oh hé oh hé hé oh hé oh hé hé oh.. Bo le lavabo Lagaf
24%
J'ai passé toute la night à compter mon oseille Fade up ZEG
24%
Gimme gimme gimme some time to think... Bones Imagine dragons
18%
J'ai vu comment tu m'as regardé mon charme à fait son effet... Dégaine Aya nakamura
16%
J'ai toujours aimé être dans le top sourd face à ma jalousie.... Jefe Ninho
16%
Sometimes all i think about is you, late night in the middle of June... Heat waves Glass animals
11%
Plus besoin de chercher, plus besoin je t'ai trouvé Des milliers de je t'aime Slimane
6%
Aucun quiz correspondant
Distribution des résultats
% des personnes avec chaque résultat
Percentile par nombre de réponses
Votre historique - résultats
Vous n’avez pas pris ce quiz